000 00675nam a2200229 i 4500
001 40317
003 ES-MaACL
005 20230906160206.0
007 t|
008 030305s1985 sp ||||1| spa d
020 _a84-309-1028-X
100 1 _aCarrillo Salcedo, Juan Antonio.
_935780
245 1 3 _aEl Derecho internacional en un mundo en cambio /
_cJuan Antonio Carrillo Salcedo.
250 _a[1ยช ed.].
260 _aMadrid :
_bTecnos,
_c1985.
300 _a351 p. ;
_c21 cm.
490 1 _aBiblioteca universitaria
500 _aAp. documental.
830 0 _aBiblioteca universitaria
_9177461
852 _aES-MaACL
_jL-9110
_bR.110718
999 _c40317
_d40317